Berlin Alexanderplatz /

Gardado en:
Detalles Bibliográficos
Autor Principal: Döblin, Alfred (autor)
Outros autores: Mac Orlan, Pierre (prefacio) (prefacio)
Formato: Libro
Idioma:francés
Publicado: París, Francia : Nouvelle Revue Française : Gallimard, 1933
Edición:6a edición
Temas:
Etiquetas: Engadir etiqueta
Sen Etiquetas, Sexa o primeiro en etiquetar este rexistro!

MARC

LEADER 00000nam^a2200000^a^4500
001 000380514
005 20250526000000.0
009 20260310120605.098
037 |a Acervo ITESO - Biblioteca 
041 |a FRA 
082 |a 833.  |b DOB 
100 |a Döblin, Alfred  |e (autor) 
240 1 1 |a [Berlin Alexanderplatz] 
245 1 0 |a Berlin Alexanderplatz /  |c A. Döblin ; pref. de P. Mac Orlan ; tr. por Zoya Motchane. 
250 |a 6a edición 
264 1 |a París, Francia :  |b Nouvelle Revue Française :  |b Gallimard,  |c 1933 
300 |a 460 p. ;  |c 19.0 cm. 
336 |a texto  |b txt  |2 rdacontenido 
337 |a sin mediación  |b n  |2 rdamedio 
338 |a volumen  |b nc  |2 rdasoporte 
649 |a XX 
650 |a Novela Alemana 
650 |a Literatura Alemana -  |y Siglo XX 
700 |a Mac Orlan, Pierre  |e (prefacio) 
910 |a Fondo General 
920 |a Impresos - Libros 
930 |a Libros Antiguos y Raros 
940 |a Literatura 
905 |a 108 
901 |a 0500275575  |b IT2  |c LRA  |u 20250526 
902 |a https://opac.biblio.iteso.mx/vufind/Record/000380514